Istota zarzadzania strategicznego w sektorze MSP
Saved in:
| Main Author: | |
|---|---|
| Other Authors: | |
| Format: | Book Chapter |
| Language: | Polish |
| Subjects: | |
| Tags: |
No Tags, Be the first to tag this record!
|
MARC
| LEADER | 00000naa$a2200000$$$4500 | ||
|---|---|---|---|
| 001 | 0102009 | ||
| 005 | 20240502083246.3 | ||
| 041 | 0 | |a pol | |
| 044 | |a PL | ||
| 245 | 1 | 0 | |a Istota zarzadzania strategicznego w sektorze MSP |c Vanda Lieskovská, Jolanta Urbanska |
| 610 | 2 | 0 | |a podnik malý |
| 610 | 2 | 0 | |a podnik stredný |
| 610 | 2 | 0 | |a riadenie strategické |
| 610 | 2 | 0 | |a analýza swot |
| 610 | 2 | 0 | |a financie verejné |
| 610 | 2 | 0 | |a inflácia |
| 610 | 2 | 0 | |a deficit rozpočtový |
| 610 | 2 | 0 | |a obchod zahraničný |
| 610 | 2 | 0 | |a kríza finančná |
| 610 | 2 | 0 | |a Poľsko |
| 100 | 1 | |a Lieskovská, Vanda, 1961- | |
| 700 | 1 | |a Urbanska, Jolanta | |